000
00221nam a2200097Ia 4500
008
240331s9999 xx 000 0 und d
082
_b
LAL
100
_a
Lal Kumara,W.A.S
245
0
_a
Sri Lankawe lama apyojanaya
942
_c
L
999
_c
5025
_d
5025